[Event "Wch Seniors 65 29th"]
[Site "Bucharest"]
[Date "2019.11.18"]
[Round "6"]
[White "Kristiansen, Erling"]
[Black "Syzdykov, Sabyr"]
[Result "1/2-1/2"]
[WhiteElo "2137"]
[BlackElo "2004"]
[PlyCount "62"]
[EventDate "2019.11.12"]
[EventType "swiss"]
[EventRounds "11"]
[EventCountry "ROU"]
[SourceTitle "CBM 193 Extra"]
[Source "ChessBase"]
[SourceDate "2020.01.31"]
[SourceVersion "1"]
[SourceVersionDate "2020.01.31"]
[SourceQuality "1"]

1. d4 Nf6 2. c4 e6 3. Nf3 d5 4. Nc3 c6 5. e3 Nbd7 6. Bd3 Bd6 7. 0-0 0-0 8. Qc2 Qe7 9. e4 dxe4 10. Nxe4 Nxe4 11. Bxe4 h6 12. Re1 Nf6 13. Bd3 Qc7 14. Bd2 Bd7 15. Bc3 b5 16. b3 bxc4 17. bxc4 Rab8 18. Ne5 Bb4 19. Bxb4 Rxb4 20. Rad1 Rfb8 21. Re2 Be8 22. h3 c5 23. Qc3 Ba4 24. Rc1 a5 25. dxc5 Qxc5 26. Nf3 Rd8 27. Re5 Qb6 28. Be2 Nd7 29. Rxa5 Qxa5 30. a3 Rdb8 31. axb4 Qxb4 1/2-1/2

[Event "WchT Seniors 65"]
[Site "Radebeul"]
[Date "2016.07.04"]
[Round "9.14"]
[White "Kolbak, Jens"]
[Black "Kristiansen, Erling"]
[Result "1-0"]
[WhiteElo "2178"]
[BlackElo "2147"]
[PlyCount "63"]
[EventDate "2016.06.26"]
[EventType "team-swiss"]
[EventRounds "9"]
[EventCountry "GER"]
[SourceTitle "CBM 173 Extra"]
[Source "ChessBase"]
[SourceDate "2016.08.29"]
[SourceVersion "1"]
[SourceVersionDate "2016.08.29"]
[SourceQuality "1"]
[WhiteTeam "Denmark"]
[BlackTeam "Norway Veteran"]
[WhiteTeamCountry "DEN"]
[BlackTeamCountry "NOR"]

1. e4 e5 2. Nf3 Nc6 3. Bb5 Nf6 4. d3 d6 5. c3 Be7 6. h3 Bd7 7. 0-0 0-0 8. Re1 Ne8 9. d4 Bf6 10. d5 Ne7 11. Bxd7 Qxd7 12. c4 g6 13. Nc3 Bg7 14. Qa4 Qc8 15. Bd2 h6 16. Rac1 f5 17. c5 dxc5 18. Qc4 Rf7 19. Qxc5 b6 20. Qc4 Nd6 21. Qe2 f4 22. Nb5 Nxb5 23. Qxb5 Qd8 24. Bc3 Qd6 25. Bb4 Qd8 26. Bxe7 Rxe7 27. Rc6 Qe8 28. Qc4 g5 29. Rxc7 Rxc7 30. Qxc7 Kh8 31. Rc1 Qa4 32. Qc6 1-0

[Event "EU-chT Seniors"]
[Site "Sibenik"]
[Date "2014.04.08"]
[Round "8.13"]
[White "Hallerod, Ralph"]
[Black "Kristiansen, Erling"]
[Result "1/2-1/2"]
[WhiteElo "2086"]
[BlackElo "2189"]
[PlyCount "63"]
[EventDate "2014.04.01"]
[EventType "team-swiss"]
[EventRounds "9"]
[EventCountry "CRO"]
[SourceTitle "CBM 159 Extra"]
[Source "ChessBase"]
[SourceDate "2014.04.24"]
[SourceVersion "1"]
[SourceVersionDate "2014.04.24"]
[SourceQuality "1"]
[WhiteTeam "Sweden Seniors III"]
[BlackTeam "Norway Seniors"]
[WhiteTeamCountry "SWE"]
[BlackTeamCountry "NOR"]

1. d4 Nf6 2. c4 g6 3. Nc3 d5 4. Bf4 Bg7 5. Qb3 c6 6. e3 0-0 7. Nf3 dxc4 8. Bxc4 b5 9. Be2 Be6 10. Qc2 Na6 11. a3 Rc8 12. 0-0 Nc7 13. Bxc7 Rxc7 14. Rac1 a6 15. Rfd1 Qc8 16. b4 Ne8 17. Nd2 Bf5 18. Bd3 Bxd3 19. Qxd3 e5 20. dxe5 Bxe5 21. Nf3 Bg7 22. Ne4 Nf6 23. Nc5 Re8 24. e4 Bf8 25. Qd4 Bxc5 26. Qxf6 Be7 27. Qf4 c5 28. Ne5 Rf8 29. bxc5 Bxc5 30. Ng4 Bd6 31. Nf6+ Kg7 32. Nh5+ 1/2-1/2

[Event "EU-chT Seniors"]
[Site "Sibenik"]
[Date "2014.04.07"]
[Round "7.12"]
[White "Watzka, Horst"]
[Black "Kristiansen, Erling"]
[Result "1/2-1/2"]
[WhiteElo "2250"]
[BlackElo "2189"]
[PlyCount "24"]
[EventDate "2014.04.01"]
[EventType "team-swiss"]
[EventRounds "9"]
[EventCountry "CRO"]
[SourceTitle "CBM 159 Extra"]
[Source "ChessBase"]
[SourceDate "2014.04.24"]
[SourceVersion "1"]
[SourceVersionDate "2014.04.24"]
[SourceQuality "1"]
[WhiteTeam "Austria Steiermark Seniors"]
[BlackTeam "Norway Seniors"]
[WhiteTeamCountry "AUT"]
[BlackTeamCountry "NOR"]

1. e4 e5 2. Nf3 Nc6 3. Bb5 a6 4. Ba4 Nf6 5. 0-0 Be7 6. Bxc6 dxc6 7. d3 Nd7 8. b3 0-0 9. Bb2 Bf6 10. d4 exd4 11. Bxd4 c5 12. Bxf6 Qxf6 1/2-1/2

[Event "EU-chT Seniors 15th"]
[Site "Dresden"]
[Date "2013.07.20"]
[Round "1"]
[White "Kristiansen, Erling"]
[Black "Kluger, Hans Peter"]
[Result "1-0"]
[WhiteElo "2219"]
[BlackElo "1950"]
[PlyCount "93"]
[EventDate "2013.07.20"]
[EventType "team-swiss"]
[EventRounds "9"]
[EventCountry "GER"]
[SourceTitle "CBM 155 Extra"]
[Source "ChessBase"]
[SourceDate "2013.08.26"]
[SourceVersion "1"]
[SourceVersionDate "2013.08.26"]
[SourceQuality "1"]
[WhiteTeam "Norway"]
[BlackTeam "Widukind II"]
[WhiteTeamCountry "NOR"]
[BlackTeamCountry "GER"]

1. d4 d5 2. c4 c6 3. Nf3 Nf6 4. Nbd2 e6 5. e3 Bd6 6. b3 0-0 7. Bb2 Nbd7 8. Bd3 Re8 9. Ne5 c5 10. 0-0 Qc7 11. f4 b6 12. Ndf3 Ne4 13. Rc1 Bb7 14. cxd5 exd5 15. Bb5 Nef6 16. Ng5 Rf8 17. Qc2 g6 18. Bd3 Kg7 19. Nxh7 Kxh7 20. Bxg6+ Kg7 21. Bf5 Bxe5 22. dxe5 Ne4 23. Bxd7 Bc8 24. Bxc8 Qxc8 25. f5 Rg8 26. Rf4 Qb7 27. Rd1 Kf8 28. Qd3 Ng5 29. Rg4 Rd8 30. h4 Nh7 31. Rxg8+ Kxg8 32. Qe2 f6 33. Qf3 Qf7 34. e6 Qb7 35. Qg4+ Qg7 36. Qg6 Kf8 37. h5 Qe7 38. h6 a5 39. g4 Qc7 40. Kg2 Qb7 41. Bxf6 d4+ 42. Kg3 Qc7+ 43. Kh3 Nxf6 44. Qxf6+ Ke8 45. Qh8+ Ke7 46. Qg7+ Kd6 47. exd4 1-0

[Event "Aalborg Larsen Memorial"]
[Site "Aalborg"]
[Date "2012.10.21"]
[Round "7"]
[White "Kristiansen, Erling"]
[Black "Chernikov, Oleg L"]
[Result "1/2-1/2"]
[WhiteElo "2205"]
[BlackElo "2415"]
[PlyCount "56"]
[EventDate "2012.10.15"]
[EventType "swiss"]
[EventRounds "7"]
[EventCountry "DEN"]
[SourceTitle "EXT 2013"]
[Source "ChessBase"]
[SourceDate "2012.11.22"]
[SourceVersion "1"]
[SourceVersionDate "2012.11.22"]
[SourceQuality "1"]

1. Nf3 Nf6 2. g3 d5 3. Bg2 c6 4. b3 g6 5. Bb2 Bg7 6. 0-0 0-0 7. d3 c5 8. Nbd2 Nc6 9. Ne5 Nxe5 10. Bxe5 Bd7 11. d4 Qb6 12. c4 e6 13. cxd5 exd5 14. dxc5 Qxc5 15. Nf3 Rfe8 16. Rc1 Qb6 17. e3 Bf5 18. Bd4 Qa6 19. Qd2 Bf8 20. a4 Be4 21. Qb2 Bg7 22. Rc7 Rec8 23. Rfc1 Rxc7 24. Rxc7 Ne8 25. Rc1 Qd6 26. Qc3 Rd8 27. Qc5 Qxc5 28. Rxc5 Ra8 1/2-1/2

[Event "Aalborg Larsen Memorial"]
[Site "Aalborg"]
[Date "2012.10.19"]
[Round "5"]
[White "Kristiansen, Erling"]
[Black "Olafsson, Fridrik"]
[Result "1/2-1/2"]
[WhiteElo "2205"]
[BlackElo "2431"]
[PlyCount "63"]
[EventDate "2012.10.15"]
[EventType "swiss"]
[EventRounds "7"]
[EventCountry "DEN"]
[SourceTitle "EXT 2013"]
[Source "ChessBase"]
[SourceDate "2012.11.22"]
[SourceVersion "1"]
[SourceVersionDate "2012.11.22"]
[SourceQuality "1"]

1. Nf3 Nf6 2. c4 g6 3. g3 Bg7 4. Bg2 0-0 5. Nc3 d6 6. 0-0 c6 7. Rb1 d5 8. cxd5 cxd5 9. d4 Bf5 10. Ra1 Nc6 11. Ne5 Qa5 12. h3 Ne4 13. Nxc6 bxc6 14. Nxe4 Bxe4 15. Bd2 Qb5 16. f3 Bf5 17. Bc3 c5 18. e3 cxd4 19. exd4 Rfd8 20. Re1 e5 21. Qd2 Rac8 22. g4 Be6 23. Bf1 Qa4 24. Qd1 Qxd1 25. Raxd1 e4 26. fxe4 dxe4 27. a3 Bb3 28. Rd2 f5 29. h4 Bd5 30. gxf5 gxf5 31. Rf2 Be6 32. Ra1 1/2-1/2

[Event "EU-ch Seniors 12th"]
[Site "Kaunas"]
[Date "2012.08.26"]
[Round "9"]
[White "Hecht, Hans Joachim"]
[Black "Kristiansen, Erling"]
[Result "1/2-1/2"]
[WhiteElo "2357"]
[BlackElo "2203"]
[PlyCount "35"]
[EventDate "2012.08.18"]
[EventType "swiss"]
[EventRounds "9"]
[EventCountry "LTU"]
[SourceTitle "CBM 150 Extra"]
[Source "ChessBase"]
[SourceDate "2012.10.19"]
[SourceVersion "1"]
[SourceVersionDate "2012.10.19"]
[SourceQuality "1"]

1. d4 Nf6 2. c4 e6 3. Nf3 b6 4. a3 Bb7 5. Nc3 Ne4 6. Qc2 f5 7. g3 Be7 8. Bg2 Nxc3 9. Qxc3 0-0 10. 0-0 Bf6 11. b3 c5 12. Bb2 Qc8 13. Qd2 Be4 14. Rfd1 Qb7 15. Ne1 Bxg2 16. Nxg2 Nc6 17. d5 Nd4 18. Bxd4 1/2-1/2

[Event "EU-ch Seniors 12th"]
[Site "Kaunas"]
[Date "2012.08.20"]
[Round "3"]
[White "Guaglianone, Mario"]
[Black "Kristiansen, Erling"]
[Result "0-1"]
[WhiteElo "2027"]
[BlackElo "2203"]
[PlyCount "104"]
[EventDate "2012.08.18"]
[EventType "swiss"]
[EventRounds "9"]
[EventCountry "LTU"]
[SourceTitle "CBM 150 Extra"]
[Source "ChessBase"]
[SourceDate "2012.10.19"]
[SourceVersion "1"]
[SourceVersionDate "2012.10.19"]
[SourceQuality "1"]

1. Nf3 Nf6 2. d4 e6 3. Bf4 c5 4. e3 Nc6 5. c3 d5 6. Nbd2 Be7 7. Bd3 Nh5 8. Bg3 Nxg3 9. hxg3 g6 10. Qe2 cxd4 11. exd4 a6 12. a3 Bd7 13. Ne5 Nxe5 14. dxe5 Qb6 15. Nf3 Bc5 16. b4 Be7 17. 0-0 Rc8 18. Rfc1 0-0 19. c4 dxc4 20. Bxc4 Rc7 21. Bd3 Rfc8 22. Rxc7 Qxc7 23. Ra2 Ba4 24. Nd2 b5 25. f4 Qc1+ 26. Qf1 Qc3 27. Ne4 Qd4+ 28. Kh2 Qe3 29. Qf3 Qd4 30. g4 Bb3 31. Rd2 Bd5 32. Qf2 Qxf2 33. Rxf2 Bxe4 34. Bxe4 Rc3 35. Ra2 Bh4 36. Bf3 Rb3 37. g5 h6 38. gxh6 Kh7 39. Kh3 Be1 40. Kg4 Kxh6 41. a4 Bxb4 42. axb5 axb5 43. Ra7 Kg7 44. Rb7 Bd2 45. Kg3 Rd3 46. Kg4 Be1 47. Kh3 Rd4 48. Kg4 Bd2 49. g3 Be1 50. Be2 g5 51. Rc7 gxf4 52. gxf4 b4 0-1

[Event "NOR-chT Clubs"]
[Site "Fagernes"]
[Date "2012.06.09"]
[Round "3"]
[White "Kristiansen, Erling"]
[Black "Moen, Andreas"]
[Result "1/2-1/2"]
[WhiteElo "2194"]
[BlackElo "2395"]
[PlyCount "66"]
[EventDate "2012.06.08"]
[EventType "team-swiss"]
[EventRounds "6"]
[EventCountry "NOR"]
[SourceTitle "CBM 148 Extra"]
[Source "ChessBase"]
[SourceDate "2012.06.22"]
[SourceVersion "1"]
[SourceVersionDate "2012.06.22"]
[SourceQuality "1"]
[WhiteTeam "OSS"]
[BlackTeam "OSS"]
[WhiteTeamCountry "NOR"]
[BlackTeamCountry "NOR"]

1. d4 d5 2. c4 c6 3. e3 Nf6 4. Nc3 e6 5. Nf3 Nbd7 6. Bd3 dxc4 7. Bxc4 b5 8. Bd3 Bd6 9. e4 e5 10. dxe5 Nxe5 11. Nxe5 Bxe5 12. Be3 0-0 13. Qc2 Re8 14. Rd1 Ng4 15. Bc5 Qg5 16. h4 Qf6 17. g3 Be6 18. 0-0 Rad8 19. Be2 Bd4 20. Bxd4 Rxd4 21. Rxd4 Qxd4 22. Qd1 Qxd1 23. Rxd1 b4 24. Na4 Nf6 25. Nc5 Bxa2 26. b3 Nxe4 27. Nxe4 Bxb3 28. Rd7 Kf8 29. Bf3 Bd5 30. Ng5 Re7 31. Rd8+ Re8 32. Rd7 Re7 33. Rd8+ Re8 1/2-1/2

[Event "EU-chT Seniors"]
[Site "Rogaska Slatina"]
[Date "2012.03.31"]
[Round "5.10"]
[White "Kristiansen, Erling"]
[Black "Nickl, Klaus"]
[Result "1-0"]
[WhiteElo "2181"]
[BlackElo "2162"]
[PlyCount "89"]
[EventDate "2012.03.27"]
[EventType "team-swiss"]
[EventRounds "9"]
[EventCountry "SLO"]
[SourceTitle "CBM 147 Extra"]
[Source "ChessBase"]
[SourceDate "2012.04.24"]
[SourceVersion "1"]
[SourceVersionDate "2012.04.24"]
[SourceQuality "1"]
[WhiteTeam "Norway (Seniors)"]
[BlackTeam "Steiermark (Seniors)"]
[WhiteTeamCountry "NOR"]
[BlackTeamCountry "AUT"]

1. d4 Nf6 2. c4 g6 3. g3 Bg7 4. Bg2 0-0 5. Nc3 d6 6. Nf3 Nc6 7. d5 Na5 8. Nd2 c5 9. a3 Ng4 10. Qc2 Ne5 11. b3 a6 12. Bb2 Rb8 13. h3 b5 14. cxb5 axb5 15. 0-0 Ba6 16. f4 Nd7 17. b4 Nc4 18. Nxc4 bxc4 19. Rfb1 cxb4 20. axb4 Qb6+ 21. Kh2 Nf6 22. e4 Nh5 23. Qe2 Rfc8 24. e5 Bb7 25. b5 dxe5 26. fxe5 f6 27. Na4 Qxb5 28. exf6 exf6 29. Bxf6 Qe8 30. Qxe8+ Rxe8 31. Bxg7 Nxg7 32. Nc3 Nf5 33. Rb6 Ba8 34. Rxb8 Rxb8 35. Ra7 Bb7 36. Ne4 c3 37. Nxc3 Ne3 38. Be4 Kf8 39. g4 g5 40. d6 Bxe4 41. Nxe4 h6 42. Rh7 Rb4 43. Rh8+ Kg7 44. d7 Rb2+ 45. Kg1 1-0

[Event "Nordic-ch Seniors"]
[Site "Reykjavik"]
[Date "2011.09.17"]
[Round "8"]
[White "Kristjansson, Olafur"]
[Black "Kristiansen, Erling"]
[Result "1-0"]
[WhiteElo "2173"]
[BlackElo "2220"]
[PlyCount "73"]
[EventDate "2011.09.10"]
[EventType "swiss"]
[EventRounds "9"]
[EventCountry "ISL"]
[SourceTitle "CBM 144 Extra"]
[Source "ChessBase"]
[SourceDate "2011.10.28"]
[SourceVersion "1"]
[SourceVersionDate "2011.10.28"]
[SourceQuality "1"]

1. e4 e5 2. Nf3 Nc6 3. Bb5 a6 4. Bxc6 dxc6 5. 0-0 f6 6. d4 exd4 7. Nxd4 c5 8. Nb3 Qxd1 9. Rxd1 Bd7 10. Bf4 0-0-0 11. Nc3 Be6 12. Rxd8+ Kxd8 13. Rd1+ Kc8 14. Nd5 Bxd5 15. Rxd5 b6 16. Nd2 Ne7 17. Rd3 Nc6 18. c3 Be7 19. Kf1 Re8 20. Nc4 Bd8 21. f3 b5 22. Ne3 Ne5 23. Bxe5 Rxe5 24. c4 c6 25. Nf5 g6 26. Nd6+ Kc7 27. Nf7 Re8 28. Nxd8 Rxd8 29. Rxd8 Kxd8 30. b3 Kc7 31. f4 Kd6 32. Ke2 Ke6 33. Kf3 Kd6 34. g4 Ke6 35. h4 g5 36. hxg5 fxg5 37. e5 1-0

[Event "Nordic-ch Seniors"]
[Site "Reykjavik"]
[Date "2011.09.13"]
[Round "4"]
[White "Gudmundsson, Einar S"]
[Black "Kristiansen, Erling"]
[Result "0-1"]
[WhiteElo "1713"]
[BlackElo "2220"]
[PlyCount "106"]
[EventDate "2011.09.10"]
[EventType "swiss"]
[EventRounds "9"]
[EventCountry "ISL"]
[SourceTitle "CBM 144 Extra"]
[Source "ChessBase"]
[SourceDate "2011.10.28"]
[SourceVersion "1"]
[SourceVersionDate "2011.10.28"]
[SourceQuality "1"]

1. d4 Nf6 2. c4 g6 3. Nc3 d5 4. cxd5 Nxd5 5. e4 Nxc3 6. bxc3 Bg7 7. Bc4 c5 8. Ne2 cxd4 9. cxd4 0-0 10. 0-0 Nc6 11. Be3 Bg4 12. f3 Na5 13. Bd3 Be6 14. Qa4 a6 15. Rac1 b5 16. Qa3 Nc4 17. Bxc4 Bxc4 18. Rfe1 Bxe2 19. Rxe2 Bxd4 20. Rd2 Bxe3+ 21. Qxe3 Qa5 22. Qc3 Qxc3 23. Rxc3 Rfc8 24. Rcd3 Rc7 25. Rb2 Rac8 26. Rdd2 Rc4 27. Kf2 Kf8 28. Kg3 Ke8 29. Re2 R8c5 30. Red2 a5 31. Rd3 Rc2 32. Rdb3 Rxb2 33. Rxb2 Kd7 34. Kf4 Kc6 35. Ke3 b4 36. f4 Kb5 37. Kd4 a4 38. g4 Rc4+ 39. Kd3 Rc3+ 40. Kd4 Rf3 41. f5 gxf5 42. gxf5 a3 43. Rc2 Rh3 44. Rc5+ Ka4 45. Rc2 Rh6 46. e5 Rb6 47. Rc7 b3 48. Kc4 Rb4+ 49. Kc3 bxa2 50. Ra7+ Kb5 51. Rxa3 Ra4 52. Rxa4 Kxa4 53. Kb2 Kb5 0-1

[Event "Nordic-ch Seniors"]
[Site "Reykjavik"]
[Date "2011.09.10"]
[Round "1"]
[White "Kristiansen, Erling"]
[Black "Standal, Bard"]
[Result "1-0"]
[WhiteElo "2220"]
[BlackElo "1883"]
[PlyCount "102"]
[EventDate "2011.09.10"]
[EventType "swiss"]
[EventRounds "9"]
[EventCountry "ISL"]
[SourceTitle "CBM 144 Extra"]
[Source "ChessBase"]
[SourceDate "2011.10.28"]
[SourceVersion "1"]
[SourceVersionDate "2011.10.28"]
[SourceQuality "1"]

1. d4 Nf6 2. c4 g6 3. Nc3 Bg7 4. e4 d6 5. f3 0-0 6. Be3 Nc6 7. Nge2 a6 8. Qd2 Rb8 9. d5 Ne5 10. Nd4 c5 11. Nc2 Qa5 12. a4 Bd7 13. Be2 Qc7 14. 0-0 e6 15. h3 Bc8 16. Bg5 Ne8 17. f4 f6 18. fxe5 fxg5 19. Rxf8+ Bxf8 20. Bg4 Qe7 21. dxe6 Bxe6 22. Nd5 Bxd5 23. Qxd5+ Kh8 24. exd6 Nxd6 25. Re1 Nf7 26. e5 Rd8 27. Qe4 Bg7 28. e6 Nd6 29. Qd5 Nf5 30. Qe4 Nd6 31. Qe2 Nf5 32. Bf3 Nd4 33. Nxd4 Bxd4+ 34. Kh1 b6 35. Bd5 Rf8 36. b3 a5 37. Rf1 Rxf1+ 38. Qxf1 Qf6 39. Qxf6+ Bxf6 40. Kg1 Kg7 41. Kf2 Be7 42. Kf3 Kf6 43. Kg4 h6 44. Kf3 Bd6 45. Ke4 Ke7 46. Bc6 Kxe6 47. Be8 h5 48. Bxg6 h4 49. Bf5+ Kf6 50. Bg4 Be7 51. Kd5 Kf7 1-0

[Event "Stockholm op"]
[Site "Stockholm"]
[Date "2011.06.05"]
[Round "6"]
[White "Kristiansen, Erling"]
[Black "Bue, Gunnar"]
[Result "1-0"]
[WhiteElo "2224"]
[BlackElo "1814"]
[PlyCount "53"]
[EventDate "2011.06.01"]
[EventType "swiss"]
[EventRounds "7"]
[EventCountry "SWE"]
[SourceTitle "CBM 142 Extra"]
[Source "ChessBase"]
[SourceDate "2011.06.27"]
[SourceVersion "1"]
[SourceVersionDate "2011.06.27"]
[SourceQuality "1"]

1. d4 Nf6 2. c4 g6 3. Nf3 Bg7 4. g3 0-0 5. Bg2 c6 6. 0-0 d6 7. Nc3 Bg4 8. h3 Bxf3 9. Bxf3 Nbd7 10. Bg2 e5 11. d5 cxd5 12. Nxd5 Nxd5 13. Qxd5 Nb6 14. Qxb7 Rc8 15. b3 Rc7 16. Qa6 f5 17. Ba3 e4 18. Rad1 Rd7 19. Rd2 Bc3 20. Rc2 Be5 21. e3 Rf6 22. Rd1 d5 23. cxd5 Rxd5 24. Rxd5 Qxd5 25. Qe2 Qa5 26. Be7 Re6 27. Rc5 1-0

[Event "Stockholm op"]
[Site "Stockholm"]
[Date "2011.06.02"]
[Round "2"]
[White "Kristiansen, Erling"]
[Black "Berg, Bo"]
[Result "1-0"]
[WhiteElo "2224"]
[BlackElo "1997"]
[PlyCount "97"]
[EventDate "2011.06.01"]
[EventType "swiss"]
[EventRounds "7"]
[EventCountry "SWE"]
[SourceTitle "CBM 142 Extra"]
[Source "ChessBase"]
[SourceDate "2011.06.27"]
[SourceVersion "1"]
[SourceVersionDate "2011.06.27"]
[SourceQuality "1"]

1. d4 Nf6 2. c4 c5 3. d5 b5 4. cxb5 e6 5. Nc3 exd5 6. Nxd5 Bb7 7. e4 Nxd5 8. exd5 Bd6 9. Qe2+ Qe7 10. Qxe7+ Kxe7 11. Bc4 a6 12. b6 Re8 13. Be3 Kd8 14. Ne2 Bf8 15. a4 d6 16. a5 Nd7 17. Kd2 h6 18. h3 g6 19. Nc3 Nf6 20. Kd3 Re5 21. f4 Re7 22. Bf2 Nh5 23. Bh4 Nxf4+ 24. Kd2 g5 25. Bg3 Bg7 26. Bxf4 gxf4 27. Rae1 Be5 28. b3 f6 29. Rhf1 Rg7 30. Rf2 f3 31. Rxf3 Rxg2+ 32. Re2 Rg1 33. Ne4 Ra1 34. Nxf6 Rxa5 35. Ng4 Ra2+ 36. Kd3 Rxe2 37. Kxe2 Ke7 38. Nxe5 dxe5 39. Rf5 Bc8 40. Rh5 Kf6 41. Rxh6+ Kg7 42. Rc6 Bxh3 43. b7 Rf8 44. Rb6 Bf1+ 45. Ke3 Bxc4 46. bxc4 Rb8 47. Ke4 a5 48. Kxe5 a4 49. Kd6 1-0

[Event "EU-chT Seniors 12th"]
[Site "Dresden"]
[Date "2010.02.14"]
[Round "5"]
[White "Goy, Udo"]
[Black "Kristiansen, Erling"]
[Result "1-0"]
[WhiteElo "2232"]
[BlackElo "2208"]
[PlyCount "75"]
[EventDate "2010.02.10"]
[EventType "team-swiss"]
[EventRounds "9"]
[EventCountry "GER"]
[SourceTitle "CBM 134 Extra"]
[Source "ChessBase"]
[SourceDate "2010.03.03"]
[SourceVersion "1"]
[SourceVersionDate "2010.03.03"]
[SourceQuality "1"]
[WhiteTeam "Rheinland Mattadore Seniors"]
[BlackTeam "Arctic Team (Seniors)"]
[WhiteTeamCountry "GER"]
[BlackTeamCountry "NOR"]

1. d4 Nf6 2. c4 g6 3. Nc3 d5 4. cxd5 Nxd5 5. e4 Nxc3 6. bxc3 Bg7 7. Nf3 0-0 8. Be2 c5 9. Rb1 cxd4 10. cxd4 b6 11. 0-0 Bb7 12. d5 Nd7 13. Be3 Rc8 14. Qa4 a6 15. Rfc1 b5 16. Qa3 Re8 17. Nd4 Nb8 18. Qb4 e6 19. dxe6 fxe6 20. Rxc8 Bxc8 21. Rd1 Qf6 22. Qd6 Qe5 23. Qxe5 Bxe5 24. f4 Bc7 25. e5 Bb7 26. Kf2 Bd5 27. Rd2 Ba5 28. Rc2 Be4 29. Rc1 Bd5 30. Bf3 Bc4 31. Nb3 Bb4 32. Rc2 Rd8 33. Nd2 Bd3 34. Rc7 g5 35. Ne4 Bc4 36. Nf6+ Kf8 37. f5 Bd2 38. Nxh7+ 1-0

[Event "EU-chT Seniors 12th"]
[Site "Dresden"]
[Date "2010.02.11"]
[Round "2"]
[White "Kristiansen, Erling"]
[Black "Liebert, Heinz"]
[Result "1/2-1/2"]
[WhiteElo "2208"]
[BlackElo "2255"]
[PlyCount "31"]
[EventDate "2010.02.10"]
[EventType "team-swiss"]
[EventRounds "9"]
[EventCountry "GER"]
[SourceTitle "CBM 134 Extra"]
[Source "ChessBase"]
[SourceDate "2010.03.03"]
[SourceVersion "1"]
[SourceVersionDate "2010.03.03"]
[SourceQuality "1"]
[WhiteTeam "Arctic Team (Seniors)"]
[BlackTeam "Sachsen Anhalt Seniors"]
[WhiteTeamCountry "NOR"]
[BlackTeamCountry "GER"]

1. d4 Nf6 2. c4 e6 3. Nc3 Bb4 4. Qc2 c5 5. Nf3 cxd4 6. Nxd4 Nc6 7. Nxc6 bxc6 8. a3 Be7 9. e4 d6 10. Be2 0-0 11. 0-0 e5 12. Bg5 Nd7 13. Bxe7 Qxe7 14. Rad1 Nc5 15. b4 Ne6 16. b5 1/2-1/2

[Event "Mecklenburg VP-ch Seniors op 09th"]
[Site "Binz"]
[Date "2009.12.05"]
[Round "5.1"]
[White "Krueger, Erich"]
[Black "Kristiansen, Erling"]
[Result "1/2-1/2"]
[WhiteElo "2133"]
[BlackElo "2100"]
[PlyCount "41"]
[EventDate "2009.12.01"]
[EventType "swiss"]
[EventRounds "9"]
[EventCountry "GER"]
[SourceTitle "EXT 2022"]
[Source "ChessBase"]
[SourceDate "2021.10.06"]
[SourceVersion "1"]
[SourceVersionDate "2021.10.06"]
[SourceQuality "1"]

1. d4 Nf6 2. c4 e6 3. Nc3 d5 4. cxd5 exd5 5. Bg5 c6 6. Qc2 Be6 7. e3 Nbd7 8. Bd3 Be7 9. Nge2 h6 10. Bh4 0-0 11. h3 c5 12. Bf5 Rc8 13. 0-0 b5 14. Bxe6 fxe6 15. dxc5 Bxc5 16. Qb3 a6 17. e4 Be7 18. exd5 Nc5 19. Qd1 b4 20. Na4 Qxd5 21. Nxc5 1/2-1/2